000 00297nam a2200109Ia 4500
008 200302s9999 xx 000 0 und d
100 _aDavid Chappell
245 _aStandard Letters For Building Contractors --- 3Rd Edition -- Cd
260 _bBlackwell Publishing
260 _c2003
300 _a298 P
999 _c4861
_d4861